| 000 | 01274ctm a22003011a 4500 | ||
|---|---|---|---|
| 003 | SA-RiAUC | ||
| 005 | 20251212140915.0 | ||
| 007 | co ug ---uuauu | ||
| 008 | 251208s1974 su fsbm 00000 ara c | ||
| 040 |
_aSA-JeALM _bara _cSA-RiAUC _erda |
||
| 082 | 0 | 4 |
_a251.1 _qSA-RiAUC |
| 090 |
_aر251.1 _bص ي ن |
||
| 100 | 1 | _aالصيني، حسين سليمان عمر | |
| 245 | 1 | 0 |
_aتعارض الأدلة النقلية ودفعه _cحسين سليمان عمر الصيني ؛ إشراف عثمان مريزق. _h[ملف كمبيوتر] / |
| 260 | _c1974 | ||
| 264 |
_aمكة المكرمة : _bجامعة الملك عبدالعزيز . _c1974 |
||
| 300 |
_a196 ورقه؛ _c30 سم . |
||
| 500 | _aدراسة لنيل رسالة الماجستير | ||
| 504 | _aيشتمل على إرجاعات ببليوجرافية. | ||
| 530 | _aمتاحة نسخة على شكل مطبوع. | ||
| 650 | 7 |
_aالأدلة الشرعية _2aucsh |
|
| 650 | 7 |
_aأصول الفقه الإسلامي _2aucsh |
|
| 650 | 7 |
_aالأحكام الشرعية _2aucsh |
|
| 650 | 7 |
_aالفقه الإسلامي _vأقراص مدمجة _2aucsh |
|
| 700 |
_aمريزق، عثمان _eمشرف . |
||
| 942 |
_2ddc _cTHESES _n0 |
||
| 949 |
_aSA-JeALM _d251208 _uosman123 _n1 |
||
| 999 |
_c13494 _d13494 |
||